<Die> Umsetzung von Umfeldinformationen in unternehmungspolitische Entscheidungen. Anwendungsorientierte ... dissertation der Hochschule St. Gallen ...

Guardado en:
Detalles Bibliográficos
Autor principal: Schlange, Lutz Erik
Formato: Libro
Lenguaje:alemán
Publicado: St. Gallen Die Hochschule St. Gallen 1992
Materias:
Etiquetas: Agregar Etiqueta
Sin Etiquetas, Sea el primero en etiquetar este registro!

MARC

LEADER 00000nam a2200000 4500
001 c105663
005 20250509100918.3
041 0 |a ger 
044 |a CH 
245 1 0 |a <Die> Umsetzung von Umfeldinformationen in unternehmungspolitische Entscheidungen. Anwendungsorientierte ...  |b dissertation der Hochschule St. Gallen ...  |c Lutz Erik Schlange 
264 1 |a St. Gallen  |b Die Hochschule St. Gallen  |c 1992 
300 |a 449 s. 
610 2 0 |a energia 
610 2 0 |a elektrina 
610 2 0 |a elektrifikácia 
610 2 0 |a podnikanie 
610 2 0 |a informácie ekonomické 
610 2 0 |a prognózovanie 
610 2 0 |a plánovanie 
610 2 0 |a modely 
610 2 0 |a systémy informačné 
610 2 0 |a odvetvia činnosti ekonomickej 
610 2 0 |a elektroenergetika 
610 2 0 |a prognózy dlhodobé 
610 2 0 |a modelovanie 
610 2 0 |a dáta 
610 2 0 |a spracovanie dát 
610 2 0 |a komunikácia 
610 2 0 |a Švajčiarsko 
100 1 |a Schlange, Lutz Erik